000
00315nam a22001337a 4500
008
170519b xxu||||| |||| 00| 0 eng d
020
_a
9780155676541
041
_a
eng
080
_2
4TH
_a
94
100
_a
16
101
_a
SHH
245
_a
THE OTHER SIDE OF WESTERN CIVILIZATION
_c
STEARNS, P.N
942
_2
udc
_c
BK
999
_c
13522
_d
13522